000 00257nam a2200097Ia 4500
001 834434
005 20250826172434.0
008 250824s9999 xx 000 0 und d
245 0 _aBUGÜN ADIM KAKTÜS BENİM
_cHACER KILCIOĞLU
260 _bGÜNIŞIĞI YAYINLARI
999 _c834434
_d834434